| 000 | 00610nam a2200193Ia 4500 | ||
|---|---|---|---|
| 008 | 210719s2020 xx 000 0 und d | ||
| 020 | _a978-93-5316-018-0 | ||
| 041 | _aeng | ||
| 082 | _a658.002 SHAH | ||
| 100 | _aSHARMA (Arun) | ||
| 245 | _aHow to prepare for quantitative aptitude for CAT Ed 8 | ||
| 250 | _a8 | ||
| 260 |
_aChennai _bMcGraw Hill Education (India) Private Limited _c2020 |
||
| 300 |
_axiii,1661 _bPB |
||
| 365 |
_b960 _cRs |
||
| 650 | _aManagement | ||
| 650 | _aManagement Entrance | ||
| 906 | _a8 ; admission ; aptitude ; CAT ; common ; Ed ; for ; How ; prepare ; quantitative ; test | ||
| 999 |
_c211983 _d211983 |
||